Lyrics to “Can’t Catch Me Now“ - Olivia Rodrigo - Statistics

General Stats
  • This quiz has been taken 256 times
  • The average score is 272 of 337
Answer Stats
Answer % Correct
the
100%
i
98%
can’t
97%
catch
97%
in
97%
me
97%
no
97%
on
97%
you
97%
a
95%
now
95%
every
93%
i’m
93%
but
92%
my
92%
footsteps
91%
of
91%
there
91%
ground
89%
trees
89%
mountain
87%
place
87%
see
87%
breeze
86%
face
86%
side
86%
blood
85%
there’s
85%
all
83%
it
82%
everywhere
80%
go
78%
here
78%
over
78%
to
78%
you’ll
78%
that
76%
and
74%
do
74%
think
73%
your
72%
oh
69%
wall
69%
will
69%
pass
68%
thought
68%
like
67%
months
67%
left
66%
was
66%
yeah
66%
be
65%
gone
65%
into
65%
town
65%
‘cause
64%
comin‘
64%
grass
64%
storm
63%
down
62%
around
61%
away
61%
through
61%
writing
60%
are
59%
dancin‘
59%
feel
59%
it’s
59%
room
59%
got
58%
hall
58%
us
58%
city
57%
higher
57%
made
57%
shadows
57%
still
57%
than
57%
would
57%
brought
56%
fury
55%
red
55%
shade
55%
wash
55%
new
54%
snow
54%
taste
54%
head
53%
hopes
53%
fallin‘
52%
messes
52%
bitter
51%
i’d
51%
never
51%
bet
50%
forget
48%
easy
47%
end
47%
this
47%
turning
47%
winter
47%
wading
46%
it’d
45%
something
45%
with
45%
you’d
40%
fire
39%
way
39%
don’t
38%
ooh
38%
figured
36%
burn
35%
expect
34%
founded
31%
sometimes
30%
No matching quizzes found
Score Distribution
Percent of People with Each Score
Percentile by Number Answered
Your Score History
You have not taken this quiz